000 00412nab a2200145Ia 4500
003 ES-SlBCS
005 20210601131727.0
008 140529s1952 xxu||||| |||| 00| 0 fre d
041 _afre
100 1 _aGressin, André
_9188342
245 0 0 _aSavants de tous pays unissez-vous
_c André Gressin
650 0 4 _aPaises
_9127927
773 0 _tVie Intelectuelle (La)
_gnº. 2, 1952, págs. 70-73
_wRev907
942 _cAR
999 _c567725
_d567725